The Practice of Public Relations / (Record no. 4255)

MARC details
000 -LEADER
fixed length control field 00944nac a22002051u 4500
008 - FIXED-LENGTH DATA ELEMENTS--GENERAL INFORMATION
fixed length control field 091223t xxu||||| |||| 00| 0 eng d
010 ## - LIBRARY OF CONGRESS CONTROL NUMBER
LC control number 00032414
020 ## - INTERNATIONAL STANDARD BOOK NUMBER
International Standard Book Number 0133276790
082 00 - DEWEY DECIMAL CLASSIFICATION NUMBER
Classification number 659.2
Item number SEI
Edition number 22
100 ## - MAIN ENTRY--PERSONAL NAME
Personal name Seitel, Fraser P.
9 (RLIN) 10112
245 14 - TITLE STATEMENT
Title The Practice of Public Relations /
Statement of responsibility, etc Fraser P. Seitel
250 ## - EDITION STATEMENT
Edition statement 8th ed.
260 ## - PUBLICATION, DISTRIBUTION, ETC. (IMPRINT)
Place of publication, distribution, etc Upper Saddle River, NJ :
Name of publisher, distributor, etc Prentice Hall,
Date of publication, distribution, etc c2001.
300 ## - PHYSICAL DESCRIPTION
Extent xxiii, 534 p. :
Other physical details ill. (some col.) ;
Dimensions 26 cm.
504 ## - BIBLIOGRAPHY, ETC. NOTE
Bibliography, etc Includes bibliographical references and index.
650 #0 - SUBJECT ADDED ENTRY--TOPICAL TERM
Topical term or geographic name as entry element Public relations
Geographic subdivision United States.
9 (RLIN) 10113
942 ## - ADDED ENTRY ELEMENTS (KOHA)
Item type Book - Borrowing
Call number prefix 659.2SEI
Source of classification or shelving scheme Dewey Decimal Classification
Holdings
Withdrawn status Item status Damaged status Not for loan Home library Current library Shelving location Date acquired Source of acquisition Total Checkouts Total Renewals Full call number Barcode Date last seen Date last borrowed Koha item type Source of classification or shelving scheme Vendor Public note
        Central Library Central Library First floor 02/09/2007 Purchase 1 1 659.2 SEI 000005197 15/07/2025 04/12/2008 Book - Borrowing      
        Central Library Central Library First floor 21/12/2009 Donation     659.2 SEI 000019227 15/07/2025   NB - Book (Non borrowing) Dewey Decimal Classification   Donation